Law relating to disciplinary proceedings in industries / (Record no. 78579)

MARC details
000 -LEADER
fixed length control field 00684nam a22002177a 4500
005 - DATE AND TIME OF LATEST TRANSACTION
control field 20130910161140.0
010 ## - LCCN (DPL NO)
LC control number ENG-108311
020 ## - INTERNATIONAL STANDARD BOOK NUMBER
International Standard Book Number 9789350353370
Terms of availability 475.00
035 ## - SYSTEM CONTROL NUMBER
System control number EN-91844
037 ## - SOURCE OF ACQUISITION
Source of stock number/acquisition DBAD/PUB
082 ## - DEWEY DECIMAL CLASSIFICATION NUMBER
Classification number 344.5401
100 ## - MAIN ENTRY--PERSONAL NAME
Personal name Kumar,H.L.
245 10 - TITLE STATEMENT
Title Law relating to disciplinary proceedings in industries /
Statement of responsibility, etc by H.L. Kumar [and] Gaurav Kumar
250 ## - EDITION STATEMENT
Edition statement 8th ed
260 ## - PUBLICATION, DISTRIBUTION, ETC. (IMPRINT)
Place of publication, distribution, etc New Delhi
Name of publisher, distributor, etc Universal Law Publishing
Date of publication, distribution, etc 2013
270 ## - ADDRESS
Address C-FF-1A, Dilkhush Industrial Estate, G.T. Karnal Road
City Delhi
Postal code 110033
300 ## - PHYSICAL DESCRIPTION
Extent liii,402p.
Dimensions 23cm(pbk)
500 ## - GENERAL NOTE
General note Includes index
700 ## - ADDED ENTRY--PERSONAL NAME
Personal name Gaurav Kumar
942 ## - ADDED ENTRY ELEMENTS (KOHA)
Source of classification or shelving scheme Dewey Decimal Classification
Item type English Books
Call number suffix KUM
Classification part 344.5401
Holdings
Withdrawn status Lost status Not for loan Collection code Home library Current library Date acquired Source of acquisition Cost, normal purchase price Full call number Barcode Copy number Cost, replacement price Koha item type
    Not For Loan Non-fiction D.B.Act.Division D.B.Act.Division 16/08/2013 DBAD/PUB 475.00 344.5401 KUM EN-91844 1 475.00 English Books

© Delhi Public Library
Hit Counter
free hit counter